| 000 | 01410nam a2200265 a 4500 | ||
|---|---|---|---|
| 001 | 000038442 | ||
| 005 | 20240318114638.0 | ||
| 008 | 130411s2012 dr 000 0 spa d | ||
| 020 | _a9789945165081 | ||
| 040 |
_aDO-SdBNP _bspa _cBNPHU |
||
| 082 |
_a344.048 _bR696i |
||
| 100 | 1 |
_aRodríguez Gómez, Cristobal _964785 |
|
| 245 | 1 | 3 |
_aLa interrupción del embarazo : _banálisis constitucional para el debate / _cCristobal Rodríguez Gómez. |
| 260 |
_aSanto Domingo : _bProfamilia, _c2012. |
||
| 300 |
_a93 p. ; _c22 cm. |
||
| 500 | _aIncluye referencias bibliográficas y notas al pie de las páginas | ||
| 504 | _aBibliografía: p. 85-93 | ||
| 505 | _aLos derechos sexuales y derechos reproductivos y el marco general de la igualdad 15 -- La dimensión constitucional del debate sobre el aborto 23 -- Descripción y análisis de la legislación y la jurisprudencia comparadas en materia de suspensión del embarazo 43 -- Constitución y derecho internacional 61 -- Estado y religión: el artículo 37 y posición actual de la Iglesia Católica sobre el aborto 71 -- Conclusiones y recomendaciones 81 | ||
| 590 | _aInventariado, 2018/VM | ||
| 650 | 4 |
_aAborto _zRepública Dominicana _954585 |
|
| 650 | 4 |
_aAborto _xLegislación _910847 |
|
| 650 | 4 |
_aAborto _xAspectos religiosos _964786 |
|
| 710 | 2 |
_aAsociación Dominicana Pro Bienestar de la Familia _956602 |
|
| 910 | _aValidado. Control de validad MFF | ||
| 999 |
_c37932 _d37932 |
||